LEADER 00854nam0 22002531i 450 001 UON00513725 005 20231205105510.865 100 $a20230428d1955 |0itac50 ba 101 $ajpn 102 $aJP 105 $a|||| ||||| 200 1 $aKabuki tokuhon$fKawatake Shigetoshi 205 $a2. ed 210 $aT?ky?$cSh?d?sha$d1955 215 $a254 p.$d18 cm. 620 $aJP$dTo?kyo?$3UONL000031 700 0$aKAWATAKE Shigetoshi$3UONV004305$0637854 712 $aShudosha$3UONV262692$4650 801 $aIT$bSOL$c20240220$gRICA 899 $aSIBA - SISTEMA BIBLIOTECARIO DI ATENEO$2UONSI 912 $aUON00513725 950 $aSIBA - SISTEMA BIBLIOTECARIO DI ATENEO$dSI GIA FONDO GIAPP TERZO PIANO 037 $eSI 42244 5 037 996 $aKabuki tokuhon$93902664 997 $aUNIOR LEADER 01615nam0 2200397 i 450 001 VAN0104104 005 20220222122202.486 017 70$2N$a978-3-319-12235-9 100 $a20151209d2014 |0itac50 ba 101 $aeng 102 $aCH 105 $a|||| ||||| 200 1 $aHealth insurance$ebasic actuarial models$fErmanno Pitacco 210 $aCham$cSpringer$d2014 215 $aXII, 162 p.$cill.$d24 cm 410 1$1001VAN0102538$12001 $aEAA series$1210 $aBerlin [etc.]$cSpringer 500 1$3VAN0241177$aHealth insurance$91409927 606 $a91B05$xRisk models (general) [MSC 2020]$3VANC019981$2MF 606 $a97M30$xFinancial and insurance mathematics (aspects of mathematics education) [MSC 2020]$3VANC031114$2MF 610 $aActuarial Models$9KW:K 610 $aIncome Protection$9KW:K 610 $aLong-term Care$9KW:K 610 $aPremium Calculations$9KW:K 610 $aReserve Calculations$9KW:K 610 $aSickness Insurance$9KW:K 620 $aCH$dCham$3VANL001889 700 1$aPitacco$bErmanno$3VANV077878$068761 712 $aSpringer $3VANV108073$4650 801 $aIT$bSOL$c20240614$gRICA 856 4 $uhttp://dx.doi.org/10.1007/978-3-319-12235-9$zE-book ? Accesso al full-text attraverso riconoscimento IP di Ateneo, proxy e/o Shibboleth 899 $aBIBLIOTECA CENTRO DI SERVIZIO SBA$2VAN15 912 $fN 912 $aVAN0104104 950 $aBIBLIOTECA CENTRO DI SERVIZIO SBA$d15CONS SBA EBOOK 4471 $e15EB 4471 20191106 996 $aHealth insurance$91409927 997 $aUNICAMPANIA